Mechanizmy I. časť: : Základy teórie mechanizmov a strojov: I. diel: Štruktúra, geometria, kinematika a presnosť rovinných mechanizmov

Guardado en:
Detalles Bibliográficos
Autor principal: Bárdoš, Vladimír (Autor)
Formato: Libro
Lenguaje:eslovaco
Publicado: Bratislava : SVŠT v Bratislave, 1664
Edición:1. vyd.
Materias:
Etiquetas: Agregar Etiqueta
Sin Etiquetas, Sea el primero en etiquetar este registro!

MARC

LEADER 00000nam a22000003a 4500
001 stu82425
005 20150617225634.2
008 031111s1664----cs------------------slo-d
040 |a STU  |b slo 
041 0 |a slo 
044 |a cs 
080 |a 531.3 
100 1 |a Bárdoš, Vladimír  |4 aut 
245 1 |a Mechanizmy I. časť: :  |b Základy teórie mechanizmov a strojov: I. diel: Štruktúra, geometria, kinematika a presnosť rovinných mechanizmov 
250 |a 1. vyd. 
260 |a Bratislava :  |b SVŠT v Bratislave,  |c 1664 
300 |a 249 s 
650 7 |a rovinné mechanizmy  |2 stusub 
996 |b 284J015416  |c J*6206  |l JJSK  |s A  |a 24  |w stu82425_0001